Социокультурные особенности корейской диаспоры в Японии; Актуальные проблемы гуманитарных наук

Detalles Bibliográficos
Parent link:Актуальные проблемы гуманитарных наук.— 2010.— С. 304-306
Autor principal: Ворожищева О. М. Ольга Михайловна
Lenguaje:ruso
Publicado: 2010
Materias:
Formato: MixedMaterials Capítulo de libro
KOHA link:https://koha.lib.tpu.ru/cgi-bin/koha/opac-detail.pl?biblionumber=193605

MARC

LEADER 00000naa2a2200000 4500
001 193605
005 20240212135406.0
035 |a (RuTPU)RU\TPU\book\211149 
090 |a 193605 
100 |a 20110324d2010 k y0rusy50 ca 
101 0 |a rus 
102 |a RU 
200 1 |a Социокультурные особенности корейской диаспоры в Японии  |f О. М. Ворожищева 
320 |a Библиогр.: 5 назв. 
463 0 |0 (RuTPU)RU\TPU\book\205127  |y 978-5-98298-643-6  |t Актуальные проблемы гуманитарных наук  |o сборник трудов IX Международной научно-практической конференции студентов, аспирантов и молодых ученых, 22-23 апреля 2010 г., Томск  |f Национальный исследовательский Томский политехнический университет (ТПУ)  |v С. 304-306  |d 2010  |p 564 с. 
610 1 |a корейцы 
610 1 |a Япония 
610 1 |a социокультурные факторы 
610 1 |a диаспоры 
610 1 |a иммигранты 
610 1 |a дискриминация 
610 1 |a труды учёных ТПУ 
700 1 |a Ворожищева  |b О. М.  |c специалист в области организации высшего профессионального образования  |c доцент Томского политехнического университета, кандидат исторических наук  |f 1986-  |g Ольга Михайловна  |3 (RuTPU)RU\TPU\pers\28071  |9 13030 
801 1 |a RU  |b 63413507  |c 20110324 
942 |c BK